LDR 01108nam a2200217 i 4500 001 000000003367 003 CaOOAMICUS 005 20260515124423.0 008 180830s19962000fr u000 u fre u 040 $aSeMil$bita 100 1 $aSiegwalt, Gérard,$d<1932- >.$0(OLS)http://semarc/name/2566 245 12$aL'affirmation de la foi :$bcosmologie théologique /$cGérard Siegwalt. 260 $aParis :$bLes Éditions du Cerf,$c1996-2000. 300 $a2 v. ;$c22 cm. 650 4$aFede.$0(OLS)http://semarc/subject/589 773 0 $aSiegwalt, Gérard <1932- >$tDogmatique pour la catholicité évangélique.$dParis : Les Éditions du Cerf ; Genève : Labor et Fides, 1986-2005.$g3$w()367824 774 0 $aSiegwalt, Gérard <1932- >$tSciences et philosophie de la nature.$z2-204-05508-5$g1$w()76826 774 0 $aSiegwalt, Gérard <1932- >$tThéologie de la création.$z2-204-06466-1$g2$w()76620 996 $6245$aL'affirmation de la foi :$bcosmologie théologique$9(OLS)http://semarc/title/5766 996 $6260$aParis :$bLes Éditions du Cerf$9(OLS)http://semarc/publisher/29611